Proyecto de obras completas

Uloženo v:
Podrobná bibliografie
Hlavní autor: Lira Canguilhem, Rodrigo 1949-1981 (autor)
Médium: Kniha
Jazyk:španělština
Vydáno: Santiago Universitaria 2003
Vydání:2a. ed
Edice:El Poliedro y el Mar
Témata:
Tagy: Přidat tag
Žádné tagy, Buďte první, kdo vytvoří štítek k tomuto záznamu!

MARC

LEADER 00000cam a2200000 a 4500
001 UCL6622
003 CL-VaPUC
008 040416e20030000CL |||||||||||||||||spa|d
020 |a 9561116502 
082 0 4 |a Ch861  |b LIR  |2 21 
100 |a Lira Canguilhem, Rodrigo  |e autor  |d 1949-1981  |9 558426 
245 1 0 |a Proyecto de obras completas 
250 |a 2a. ed 
300 |a 153 p 
942 |c BK 
945 |d 20040416 00:00:00  |a cmena 
260 |a Santiago  |b Universitaria  |c 2003 
650 0 |a Poesías chilenas   |9 265280 
650 0 |a Literatura chilena   |9 308278 
583 |a last modification  |c 20120319 10:04:21  |k Rodrigo Vera 
490 0 |a El Poliedro y el Mar 
999 |c 308616  |d 308614 
952 |0 0  |1 0  |4 0  |6 CH_861_000000000000000_LIR_2003  |7 0  |8 A  |9 375266  |a BIBART  |b BIBART  |d 2019-11-21  |i 3992462  |l 1  |o Ch861 LIR 2003  |p 3992462  |r 2025-03-13  |s 2022-09-20  |w 2019-11-21  |y BK  |k ART 
952 |0 0  |1 0  |4 0  |6 CH_861_000000000000000_LIR_2003  |7 0  |8 A  |9 375268  |a BIBCUR  |b BIBCUR  |d 2019-11-21  |i 4204514  |o Ch861 LIR 2003  |p 4204514  |r 2025-04-22  |w 2019-11-21  |y BK  |k PER